[Event "EYCC Girls U16 2021"]
[Site "Tornelo"]
[Date "2021.10.15"]
[Round "9.5"]
[White "Tokmakova, Ulyana"]
[Black "Kara, Gulce Nehir"]
[Result "0-1"]
[WhiteElo "1977"]
[BlackElo "1766"]
[Annotator "ChessBase"]
[PlyCount "154"]
[EventDate "2021.10.15"]
[EventType "swiss"]
[EventCountry "NET"]
[SourceTitle "playchess.com"]
[Source "ChessBase"]
[SourceQuality "1"]
[TimeControl "5400+30"]

1. c4 {[%emt 0:00:30]} Nf6 {[%emt 0:00:38]} 2. Nc3 {[%emt 0:00:05]} e6 {[%emt 0:00:05]} 3. e4 {[%emt 0:00:12]} c5 {[%emt 0:00:06]} 4. Nf3 {[%emt 0:03:17]} Nc6 {[%emt 0:00:08]} 5. d4 {[%emt 0:02:47]} cxd4 {[%emt 0:00:08]} 6. Nxd4 {[%emt 0:00:03]} Bb4 {[%emt 0:00:09]} 7. Nxc6 {[%emt 0:02:04]} bxc6 {[%emt 0:00:08]} 8. Bd3 {[%emt 0:01:29]} e5 {[%emt 0:00:18]} 9. O-O {[%emt 0:01:33]} O-O {[%emt 0:00:17]} 10. Bg5 {[%emt 0:04:19]} h6 {[%emt 0:00:24]} 11. Bh4 {[%emt 0:00:36]} Bc5 {[%emt 0:00:32]} 12. Qc2 {[%emt 0:05:37]} g5 {[%emt 0:05:57]} 13. Bg3 {[%emt 0:00:52]} d6 {[%emt 0:02:25]} 14. Be2 {[%emt 0:06:09]} Be6 {[%emt 0:15:06]} 15. Rad1 {[%emt 0:06:11]} Qe7 {[%emt 0:05:52]} 16. Kh1 {[%emt 0:06:48]} Rab8 {[%emt 0:08:26]} 17. b3 {[%emt 0:01:51]} Bd4 {[%emt 0:05:23]} 18. f3 {[%emt 0:02:27]} Nh5 {[%emt 0:10:53]} 19. Be1 {[%emt 0:01:19]} Nf4 {[%emt 0:02:03]} 20. g3 {[%emt 0:04:48]} Ng6 {[%emt 0:03:22]} 21. f4 {[%emt 0:08:38]} Bh3 {[%emt 0:08:26]} 22. Rf3 {[%emt 0:00:43]} g4 {[%emt 0:00:48]} 23. Rfd3 {[%emt 0:07:12]} Bxc3 {[%emt 0:03:33]} 24. Bxc3 {[%emt 0:08:22]} exf4 {[%emt 0:00:35]} 25. R3d2 {[%emt 0:09:08]} f3 {[%emt 0:06:10]} 26. Bd3 {[%emt 0:00:44]} Ne5 {[%emt 0:03:30]} 27. Bxe5 {[%emt 0:04:10]} Bg2+ {[%emt 0:03:02]} 28. Kg1 {[%emt 0:02:40]} Qxe5 {[%emt 0:03:59]} 29. Qb2 {[%emt 0:01:02]} Qc5+ {[%emt 0:04:34]} 30. Rf2 {[%emt 0:00:04]} Rfe8 {[%emt 0:01:01]} 31. Qf6 {[%emt 0:04:27]} Re6 {[%emt 0:00:34]} 32. Qf5 {[%emt 0:02:13]} Qxf5 {[%emt 0:00:37]} 33. exf5 {[%emt 0:00:03]} Re5 {[%emt 0:00:40]} 34. Rc2 {[%emt 0:01:33]} Rbe8 {[%emt 0:02:45]} 35. Kf2 {[%emt 0:00:27]} a5 {[%emt 0:01:46]} 36. a3 {[%emt 0:01:03]} c5 {[%emt 0:01:05]} 37. Rb1 {[%emt 0:01:47]} d5 {[%emt 0:00:31]} 38. cxd5 {[%emt 0:00:28]} Rxd5 {[%emt 0:00:05]} 39. Bc4 {[%emt 0:00:31]} Rxf5 {[%emt 0:00:52]} 40. b4 {[%emt 0:00:21]} axb4 {[%emt 0:01:00]} 41. axb4 {[%emt 0:00:02]} cxb4 {[%emt 0:00:02]} 42. Rxb4 {[%emt 0:00:04]} Rfe5 {[%emt 0:02:11]} 43. Bb5 {[%emt 0:02:07]} Re4 {[%emt 0:00:34]} 44. Rxe4 {[%emt 0:00:46]} Rxe4 {[%emt 0:00:03]} 45. Bd3 {[%emt 0:00:33]} Ra4 {[%emt 0:01:21]} 46. Ke3 {[%emt 0:00:27]} Kg7 {[%emt 0:00:26]} 47. Rc4 {[%emt 0:00:54]} Ra3 {[%emt 0:00:52]} 48. Rxg4+ {[%emt 0:00:11]} Kf8 {[%emt 0:00:06]} 49. Rd4 {[%emt 0:00:34]} Bf1 {[%emt 0:00:14]} 50. Kd2 {[%emt 0:00:34]} Bxd3 {[%emt 0:01:06]} 51. Rxd3 {[%emt 0:00:03]} f2 {[%emt 0:00:18]} 52. Rxa3 {[%emt 0:00:47]} f1=Q {[%emt 0:00:05]} 53. Re3 {[%emt 0:00:04]} Kg7 {[%emt 0:00:31]} 54. Re2 {[%emt 0:00:09]} Kg6 {[%emt 0:00:16]} 55. Ke3 {[%emt 0:00:06]} Kg5 {[%emt 0:00:37]} 56. Rf2 {[%emt 0:00:25]} Qc1+ {[%emt 0:00:24]} 57. Kf3 {[%emt 0:00:46]} Qc6+ {[%emt 0:00:03]} 58. Ke3 {[%emt 0:00:05]} f5 {[%emt 0:00:45]} 59. Rf4 {[%emt 0:01:53]} Qc1+ {[%emt 0:00:19]} 60. Kf2 {[%emt 0:00:30]} Qd2+ {[%emt 0:01:36]} 61. Kg1 {[%emt 0:00:25]} Qd1+ {[%emt 0:00:42]} 62. Kg2 {[%emt 0:00:17]} Qe2+ {[%emt 0:00:05]} 63. Kg1 {[%emt 0:00:14]} h5 {[%emt 0:00:53]} 64. h4+ {[%emt 0:00:13]} Kf6 {[%emt 0:00:03]} 65. Rf2 {[%emt 0:00:16]} Qe1+ {[%emt 0:00:12]} 66. Kg2 {[%emt 0:00:24]} Ke5 {[%emt 0:00:08]} 67. Rf4 {[%emt 0:00:21]} Qe3 {[%emt 0:00:50]} 68. Ra4 {[%emt 0:00:21]} Qe2+ {[%emt 0:00:29]} 69. Kh3 {[%emt 0:00:10]} Qd1 {[%emt 0:00:24]} 70. Ra2 {[%emt 0:00:37]} Qh1+ {[%emt 0:00:27]} 71. Rh2 {[%emt 0:00:03]} Qf1+ {[%emt 0:00:04]} 72. Rg2 {[%emt 0:00:02]} Ke4 {[%emt 0:00:06]} 73. Kh2 {[%emt 0:00:06]} Kf3 {[%emt 0:00:37]} 74. Ra2 {[%emt 0:00:07]} Qf2+ {[%emt 0:00:31]} 75. Rxf2+ {[%emt 0:00:05]} Kxf2 {[%emt 0:00:02]} 76. g4 {[%emt 0:01:01]} fxg4 {[%emt 0:00:05]} 77. Kh1 {[%emt 0:00:03]} Kg3 {[%emt 0:00:11]} 0-1

[Event "EYCC Girls U16 2021"]
[Site "Tornelo"]
[Date "2021.10.15"]
[Round "9.6"]
[White "Zabrzanska, Weronika"]
[Black "Shuqja, Klean"]
[Result "1/2-1/2"]
[WhiteElo "1892"]
[BlackElo "1877"]
[Annotator "NA"]
[PlyCount "54"]
[EventDate "2021.10.15"]
[EventType "swiss"]
[EventCountry "NET"]
[SourceTitle "playchess.com"]
[Source "ChessBase"]
[SourceQuality "1"]
[TimeControl "5400+30"]

1. e4 {[%emt 0:00:30]} e6 {[%emt 0:00:36]} 2. d4 {[%emt 0:00:06]} d5 {[%emt 0:00:03]} 3. exd5 {[%emt 0:00:09]} exd5 {[%emt 0:00:02]} 4. Nf3 {[%emt 0:00:05]} Bg4 {[%emt 0:01:07]} 5. Bd3 {[%emt 0:00:10]} Bd6 {[%emt 0:00:11]} 6. h3 {[%emt 0:00:06]} Bh5 {[%emt 0:13:16]} 7. O-O {[%emt 0:00:12]} Nc6 {[%emt 0:01:47]} 8. Re1+ {[%emt 0:02:55]} Nge7 {[%emt 0:00:14]} 9. c3 {[%emt 0:00:05]} Qd7 {[%emt 0:08:04]} 10. b4 {[%emt 0:00:07]} a6 {[%emt 0:02:11]} 11. a4 {[%emt 0:00:43]} f6 {[%emt 0:07:07]} 12. Nbd2 {[%emt 0:05:28]} O-O {[%emt 0:01:33]} 13. Nf1 {[%emt 0:03:04]} Bg6 {[%emt 0:01:18]} 14. Ne3 {[%emt 0:01:09]} Bxd3 {[%emt 0:04:35]} 15. Qxd3 {[%emt 0:00:05]} Bf4 {[%emt 0:01:07]} 16. Nf1 {[%emt 0:07:15]} Bxc1 {[%emt 0:01:30]} 17. Raxc1 {[%emt 0:02:28]} Nf5 {[%emt 0:01:49]} 18. Ne3 {[%emt 0:04:01]} Nxe3 {[%emt 0:04:44]} 19. Rxe3 {[%emt 0:00:21]} Ne7 {[%emt 0:10:41]} 20. Rce1 {[%emt 0:00:27]} Ng6 {[%emt 0:04:25]} (20... Nf5 $5 {[%cal Rf5e3]} 21. R3e2 Nd6 $11) 21. Qd1 {[%emt 0:02:06]} Rfe8 $11 {[%emt 0:08:17]} 22. Rxe8+ {[%emt 0:07:11]} Rxe8 {[%emt 0:00:06]} 23. Rxe8+ {[%emt 0:00:05]} Qxe8 {[%emt 0:00:03]} 24. Qe1 {[%emt 0:00:08]} Qd7 {[%emt 0:05:31]} 25. Qe2 {[%emt 0:04:14]} Nf4 {[%emt 0:01:58]} 26. Qe3 {[%emt 0:01:19]} Ne6 {[%emt 0:01:13]} 27. Nh4 {[%emt 0:01:10]} Kf7 {[%emt 0:03:57]} 1/2-1/2

[Event "EYCC Girls U16 2021"]
[Site "Tornelo"]
[Date "2021.10.15"]
[Round "9.7"]
[White "Hertlein, Irena"]
[Black "Mihelic, Vesna"]
[Result "1-0"]
[WhiteElo "1741"]
[BlackElo "1882"]
[Annotator "NA"]
[PlyCount "99"]
[EventDate "2021.10.15"]
[EventType "swiss"]
[EventCountry "NET"]
[SourceTitle "playchess.com"]
[Source "ChessBase"]
[SourceQuality "1"]
[TimeControl "5400+30"]

1. e4 {[%emt 0:00:30]} e5 {[%emt 0:00:38]} 2. Nf3 {[%emt 0:00:05]} Nc6 {[%emt 0:00:08]} 3. Bb5 {[%emt 0:00:04]} g6 {[%emt 0:00:22]} 4. d4 {[%emt 0:00:07]} exd4 {[%emt 0:00:08]} 5. Bg5 {[%emt 0:00:09]} Be7 {[%emt 0:00:08]} 6. Bxe7 {[%emt 0:00:04]} Qxe7 {[%emt 0:00:10]} 7. Bxc6 {[%emt 0:00:04]} dxc6 {[%emt 0:00:56]} 8. Qxd4 {[%emt 0:00:09]} Nf6 {[%emt 0:00:11]} 9. Nc3 {[%emt 0:00:11]} Bg4 {[%emt 0:00:10]} 10. Nd2 {[%emt 0:00:04]} O-O {[%emt 0:01:06]} 11. f3 {[%emt 0:00:36]} Rfd8 {[%emt 0:01:26]} 12. Qe3 {[%emt 0:00:39]} Be6 {[%emt 0:01:08]} 13. O-O-O {[%emt 0:01:14]} b5 {[%emt 0:03:17]} 14. g4 {[%emt 0:03:07]} b4 {[%emt 0:10:14]} 15. Na4 {[%emt 0:00:58]} Bxa2 {[%emt 0:03:29]} 16. Rhe1 {[%emt 0:04:41]} Be6 {[%emt 0:08:41]} 17. h4 {[%emt 0:02:16]} Nxg4 {[%emt 0:13:15]} 18. fxg4 {[%emt 0:00:46]} Bxg4 {[%emt 0:00:09]} 19. Nf3 {[%emt 0:01:33]} Qf6 {[%emt 0:14:54]} 20. Rxd8+ {[%emt 0:15:10]} Rxd8 {[%emt 0:00:10]} 21. Rf1 {[%emt 0:03:38]} Bxf3 {[%emt 0:09:46]} 22. Qxf3 {[%emt 0:02:00]} Qxf3 {[%emt 0:00:25]} 23. Rxf3 {[%emt 0:00:05]} Kg7 {[%emt 0:06:30]} 24. Nc5 {[%emt 0:03:09]} a5 {[%emt 0:04:40]} 25. b3 {[%emt 0:05:12]} Re8 {[%emt 0:01:06]} 26. Rf4 {[%emt 0:01:43]} Re5 {[%emt 0:04:52]} 27. Nb7 {[%emt 0:02:21]} f5 {[%emt 0:06:17]} 28. exf5 {[%emt 0:00:45]} gxf5 {[%emt 0:01:07]} 29. Nd8 {[%emt 0:03:47]} Kf6 {[%emt 0:02:31]} 30. Nxc6 {[%emt 0:01:32]} Rc5 {[%emt 0:01:06]} 31. Nd4 {[%emt 0:02:48]} Ke5 {[%emt 0:00:31]} 32. Ne2 {[%emt 0:00:15]} Rd5 {[%emt 0:00:57]} 33. Rc4 {[%emt 0:01:41]} c5 {[%emt 0:04:15]} 34. Nf4 {[%emt 0:04:35]} Rd4 {[%emt 0:01:18]} 35. Nd3+ {[%emt 0:00:26]} Ke4 {[%emt 0:00:57]} 36. Nxc5+ {[%emt 0:08:15]} Ke3 {[%emt 0:00:40]} 37. Rxd4 {[%emt 0:00:36]} Kxd4 {[%emt 0:00:07]} 38. Nb7 {[%emt 0:00:49]} Ke3 {[%emt 0:00:25]} 39. Kd1 {[%emt 0:02:43]} Kf2 {[%emt 0:00:22]} 40. Nxa5 {[%emt 0:00:58]} f4 {[%emt 0:00:16]} 41. Nc6 {[%emt 0:00:56]} f3 {[%emt 0:00:41]} 42. Nxb4 {[%emt 0:01:12]} Kg3 {[%emt 0:00:20]} 43. Nd3 {[%emt 0:01:14]} Kxh4 {[%emt 0:00:09]} 44. Ke1 {[%emt 0:02:23]} Kg3 {[%emt 0:01:19]} 45. b4 {[%emt 0:00:52]} h5 {[%emt 0:00:16]} 46. b5 {[%emt 0:00:31]} h4 {[%emt 0:00:11]} 47. b6 {[%emt 0:00:55]} h3 {[%emt 0:00:07]} 48. b7 {[%emt 0:00:07]} h2 {[%emt 0:00:19]} 49. b8=Q+ {[%emt 0:00:31]} Kh3 {[%emt 0:00:23]} 50. Nf2+ {[%emt 0:00:18]} 1-0

[Event "EYCC Girls U16 2021"]
[Site "Tornelo"]
[Date "2021.10.15"]
[Round "9.8"]
[White "Chuchukova, Stefani"]
[Black "Bashylina, Luisa"]
[Result "1-0"]
[WhiteElo "1698"]
[BlackElo "2127"]
[Annotator "ChessBase"]
[PlyCount "49"]
[EventDate "2021.10.15"]
[EventType "swiss"]
[EventCountry "NET"]
[SourceTitle "playchess.com"]
[Source "ChessBase"]
[SourceQuality "1"]
[TimeControl "5400+30"]

1. d4 {[%emt 0:00:30]} Nf6 {[%emt 0:00:39]} 2. Bg5 {[%emt 0:00:06]} g6 {[%emt 0:00:06]} 3. Nf3 {[%emt 0:00:30]} Bg7 {[%emt 0:00:04]} 4. c4 {[%emt 0:00:23]} d5 {[%emt 0:00:35]} 5. Nc3 {[%emt 0:01:03]} Ne4 {[%emt 0:00:35]} 6. Bh4 {[%emt 0:02:12]} Nxc3 {[%emt 0:01:06]} 7. bxc3 {[%emt 0:00:36]} dxc4 {[%emt 0:00:12]} 8. e4 {[%emt 0:00:13]} b5 {[%emt 0:00:52]} 9. a4 {[%emt 0:02:45]} c6 {[%emt 0:00:31]} 10. Be2 {[%emt 0:03:17]} O-O {[%emt 0:00:41]} 11. O-O {[%emt 0:03:27]} Bb7 {[%emt 0:02:30]} 12. Rb1 {[%emt 0:00:40]} Ba6 {[%emt 0:12:50]} 13. Qc1 {[%emt 0:03:53]} Qd7 {[%emt 0:10:25]} 14. Qa3 {[%emt 0:00:21]} e6 {[%emt 0:01:25]} 15. e5 {[%emt 0:01:16]} Bb7 {[%emt 0:07:26]} 16. Nd2 {[%emt 0:06:07]} Na6 {[%emt 0:08:54]} 17. Ne4 {[%emt 0:01:50]} Kh8 {[%emt 0:10:46]} 18. Nf6 {[%emt 0:07:14]} Qc7 {[%emt 0:00:41]} 19. f4 {[%emt 0:05:23]} Rab8 {[%emt 0:06:05]} 20. Bf3 {[%emt 0:07:58]} Bc8 {[%emt 0:05:18]} 21. Be4 {[%emt 0:01:52]} Qb6 {[%emt 0:05:29]} 22. Rf3 {[%emt 0:12:34]} b4 {[%emt 0:01:55]} 23. Qc1 {[%emt 0:01:04]} c5 {[%emt 0:01:57]} 24. Rh3 {[%emt 0:03:15]} cxd4 {[%emt 0:01:08]} 25. cxd4 {[%emt 0:01:51]} 1-0

[Event "EYCC Girls U16 2021"]
[Site "Tornelo"]
[Date "2021.10.15"]
[Round "9.9"]
[White "Lomaia, Diana"]
[Black "Tzakosta, Konstantina"]
[Result "1/2-1/2"]
[WhiteElo "2111"]
[BlackElo "1089"]
[Annotator "ChessBase"]
[PlyCount "79"]
[EventDate "2021.10.15"]
[EventType "swiss"]
[EventCountry "NET"]
[SourceTitle "playchess.com"]
[Source "ChessBase"]
[SourceQuality "1"]
[TimeControl "5400+30"]

1. d4 {[%emt 0:00:30]} d5 {[%emt 0:00:54]} 2. c4 {[%emt 0:00:07]} Nf6 {[%emt 0:01:01]} 3. Nc3 {[%emt 0:00:40]} e6 {[%emt 0:00:13]} 4. cxd5 {[%emt 0:00:16]} exd5 {[%emt 0:00:31]} 5. Bg5 {[%emt 0:00:06]} Be7 {[%emt 0:00:09]} 6. e3 {[%emt 0:00:07]} c6 {[%emt 0:00:09]} 7. Bd3 {[%emt 0:00:11]} Be6 {[%emt 0:00:20]} 8. Nge2 {[%emt 0:00:22]} h6 {[%emt 0:00:12]} 9. Bh4 {[%emt 0:00:17]} g5 {[%emt 0:01:06]} 10. Bg3 {[%emt 0:00:06]} Nh5 {[%emt 0:00:38]} 11. a3 {[%emt 0:03:24]} Nd7 {[%emt 0:02:39]} 12. Qc2 {[%emt 0:02:00]} Nxg3 {[%emt 0:01:16]} 13. Nxg3 {[%emt 0:01:26]} h5 {[%emt 0:00:56]} 14. Nf5 {[%emt 0:02:14]} Bxf5 {[%emt 0:02:15]} 15. Bxf5 {[%emt 0:00:06]} Kf8 {[%emt 0:04:08]} 16. O-O {[%emt 0:04:09]} Bd6 {[%emt 0:02:33]} 17. e4 {[%emt 0:02:12]} dxe4 {[%emt 0:01:51]} 18. Nxe4 {[%emt 0:00:56]} Nb6 {[%emt 0:02:27]} 19. Qb3 {[%emt 0:09:20]} Be7 {[%emt 0:05:50]} 20. Qd3 {[%emt 0:24:35]} Qd5 {[%emt 0:08:09]} 21. Nc3 {[%emt 0:00:30]} Qc4 {[%emt 0:02:48]} 22. Qd2 {[%emt 0:11:45]} Bf6 {[%emt 0:04:57]} 23. Rfd1 {[%emt 0:02:11]} Rd8 {[%emt 0:01:31]} 24. Ne2 {[%emt 0:01:33]} Qd5 {[%emt 0:00:29]} 25. Bc2 {[%emt 0:07:22]} h4 {[%emt 0:05:40]} 26. Nc3 {[%emt 0:00:37]} Qxd4 {[%emt 0:04:42]} 27. Qe2 {[%emt 0:00:18]} Qf4 {[%emt 0:02:11]} 28. Rxd8+ {[%emt 0:00:12]} Bxd8 {[%emt 0:00:08]} 29. Rd1 {[%emt 0:03:58]} Bc7 {[%emt 0:02:55]} 30. g3 {[%emt 0:00:15]} hxg3 {[%emt 0:00:19]} 31. hxg3 {[%emt 0:00:32]} Qf6 {[%emt 0:03:42]} 32. Be4 {[%emt 0:03:04]} Be5 {[%emt 0:04:53]} 33. Qg4 {[%emt 0:04:19]} Bd4 {[%emt 0:02:04]} 34. Bf3 {[%emt 0:03:02]} Bxc3 {[%emt 0:03:23]} 35. bxc3 {[%emt 0:00:15]} Kg7 {[%emt 0:00:45]} 36. Kg2 {[%emt 0:04:46]} Qh6 {[%emt 0:01:16]} 37. Qd4+ {[%emt 0:00:13]} Qf6 {[%emt 0:01:13]} 38. Qg4 {[%emt 0:00:32]} Qh6 {[%emt 0:00:23]} 39. Qd4+ {[%emt 0:00:24]} Qf6 {[%emt 0:00:08]} 40. Qg4 {[%emt 0:01:59]} 1/2-1/2

[Event "EYCC Girls U16 2021"]
[Site "Tornelo"]
[Date "2021.10.15"]
[Round "9.10"]
[White "Mroz, Lena"]
[Black "Batagan, Ilinca-Petra"]
[Result "1-0"]
[WhiteElo "1775"]
[BlackElo "1977"]
[Annotator "ChessBase"]
[PlyCount "47"]
[EventDate "2021.10.15"]
[EventType "swiss"]
[EventCountry "NET"]
[SourceTitle "playchess.com"]
[Source "ChessBase"]
[SourceQuality "1"]
[TimeControl "5400+30"]

1. e4 {[%emt 0:00:30]} c5 {[%emt 0:00:34]} 2. Nf3 {[%emt 0:00:07]} d6 {[%emt 0:00:06]} 3. d4 {[%emt 0:00:07]} cxd4 {[%emt 0:00:03]} 4. Nxd4 {[%emt 0:00:08]} Nf6 {[%emt 0:00:05]} 5. Nc3 {[%emt 0:00:07]} a6 {[%emt 0:00:05]} 6. Qf3 {[%emt 0:00:22]} e6 {[%emt 0:01:37]} 7. Be3 {[%emt 0:00:17]} Be7 {[%emt 0:00:48]} 8. O-O-O {[%emt 0:00:18]} Qc7 {[%emt 0:01:29]} 9. g4 {[%emt 0:01:16]} Nc6 {[%emt 0:03:38]} 10. g5 {[%emt 0:02:26]} Nd7 {[%emt 0:02:16]} 11. Qh5 {[%emt 0:03:16]} O-O {[%emt 0:04:43]} 12. Rg1 {[%emt 0:09:22]} b5 {[%emt 0:07:00]} 13. Rg3 {[%emt 0:08:39]} Rd8 {[%emt 0:05:31]} 14. f4 {[%emt 0:10:53]} Nf8 {[%emt 0:04:26]} 15. Nxc6 {[%emt 0:07:31]} Qxc6 {[%emt 0:00:14]} 16. Bd3 {[%emt 0:00:36]} d5 {[%emt 0:16:22]} 17. Bd4 {[%emt 0:15:05]} Bc5 {[%emt 0:05:43]} 18. Bxg7 {[%emt 0:19:33]} Kxg7 {[%emt 0:02:01]} 19. Qh6+ {[%emt 0:00:15]} Kg8 {[%emt 0:00:49]} 20. exd5 {[%emt 0:00:22]} Qd6 {[%emt 0:05:20]} 21. Bxh7+ {[%emt 0:02:35]} Nxh7 {[%emt 0:00:11]} 22. g6 {[%emt 0:00:11]} Be3+ {[%emt 0:12:16]} 23. Kb1 {[%emt 0:02:20]} Qxf4 {[%emt 0:00:30]} 24. gxh7+ {[%emt 0:00:43]} 1-0

[Event "EYCC Girls U16 2021"]
[Site "Tornelo"]
[Date "2021.10.15"]
[Round "9.11"]
[White "Doll, Rebecca"]
[Black "Volovich, Julia"]
[Result "0-1"]
[WhiteElo "1970"]
[BlackElo "1742"]
[Annotator "ChessBase"]
[PlyCount "58"]
[EventDate "2021.10.15"]
[EventType "swiss"]
[EventCountry "NET"]
[SourceTitle "playchess.com"]
[Source "ChessBase"]
[SourceQuality "1"]
[TimeControl "5400+30"]

1. e4 {[%emt 0:00:30]} e6 {[%emt 0:00:35]} 2. d4 {[%emt 0:00:05]} d5 {[%emt 0:00:04]} 3. Nd2 {[%emt 0:00:07]} Nc6 {[%emt 0:00:06]} 4. Ngf3 {[%emt 0:00:11]} Nf6 {[%emt 0:00:06]} 5. e5 {[%emt 0:00:04]} Nd7 {[%emt 0:00:04]} 6. Be2 {[%emt 0:00:03]} f6 {[%emt 0:00:29]} 7. exf6 {[%emt 0:00:06]} Qxf6 {[%emt 0:00:22]} 8. Nf1 {[%emt 0:00:06]} Bd6 {[%emt 0:01:03]} 9. Ne3 {[%emt 0:00:09]} O-O {[%emt 0:00:20]} 10. O-O {[%emt 0:00:25]} Qg6 {[%emt 0:00:17]} 11. c4 {[%emt 0:01:00]} Nf6 {[%emt 0:04:39]} 12. c5 {[%emt 0:01:43]} Be7 {[%emt 0:00:35]} 13. Bb5 {[%emt 0:01:36]} Nd7 {[%emt 0:08:05]} 14. Bxc6 {[%emt 0:11:58]} bxc6 {[%emt 0:00:07]} 15. b4 {[%emt 0:02:58]} a5 {[%emt 0:16:44]} 16. bxa5 {[%emt 0:09:08]} e5 {[%emt 0:05:40]} 17. Nxe5 {[%emt 0:10:28]} Nxe5 {[%emt 0:00:24]} 18. dxe5 {[%emt 0:00:16]} Bxc5 {[%emt 0:02:29]} 19. Kh1 {[%emt 0:07:58]} Qe4 {[%emt 0:18:18]} 20. Bb2 {[%emt 0:11:12]} Ba6 {[%emt 0:02:57]} 21. Qc1 {[%emt 0:10:14]} Bxe3 {[%emt 0:03:01]} 22. Qxe3 {[%emt 0:00:47]} Qxe3 {[%emt 0:00:11]} 23. fxe3 {[%emt 0:00:07]} Rxf1+ {[%emt 0:00:12]} 24. Rxf1 {[%emt 0:00:11]} Bxf1 {[%emt 0:00:05]} 25. Kg1 {[%emt 0:00:04]} Bc4 {[%emt 0:00:25]} 26. Bc3 {[%emt 0:00:15]} Kf7 {[%emt 0:00:53]} 27. a3 {[%emt 0:00:06]} Ke6 {[%emt 0:00:08]} 28. Kf2 {[%emt 0:00:03]} Rf8+ {[%emt 0:00:52]} 29. Kg3 {[%emt 0:00:14]} Rf1 {[%emt 0:00:16]} 0-1

[Event "EYCC Girls U16 2021"]
[Site "Tornelo"]
[Date "2021.10.15"]
[Round "9.12"]
[White "Perez Garcia, Jimena"]
[Black "Mihaljevic, Eva"]
[Result "1/2-1/2"]
[WhiteElo "1914"]
[BlackElo "1708"]
[Annotator "ChessBase"]
[PlyCount "40"]
[EventDate "2021.10.15"]
[EventType "swiss"]
[EventCountry "NET"]
[SourceTitle "playchess.com"]
[Source "ChessBase"]
[SourceQuality "1"]
[TimeControl "5400+30"]

1. d4 {[%emt 0:00:30]} e6 {[%emt 0:00:48]} 2. c4 {[%emt 0:00:12]} f5 {[%emt 0:00:04]} 3. g3 {[%emt 0:00:13]} Nf6 {[%emt 0:00:06]} 4. Bg2 {[%emt 0:00:15]} Be7 {[%emt 0:00:30]} 5. Nh3 {[%emt 0:00:19]} O-O {[%emt 0:00:22]} 6. O-O {[%emt 0:00:30]} d6 {[%emt 0:01:00]} 7. b3 {[%emt 0:00:56]} Nc6 {[%emt 0:04:18]} 8. Bb2 {[%emt 0:01:39]} Qe8 {[%emt 0:01:26]} 9. Nc3 {[%emt 0:05:53]} e5 {[%emt 0:03:31]} 10. Rc1 {[%emt 0:07:57]} Nxd4 {[%emt 0:01:39]} 11. Nd5 {[%emt 0:03:24]} Nxd5 {[%emt 0:00:52]} 12. cxd5 {[%emt 0:00:43]} c5 {[%emt 0:04:35]} 13. e3 {[%emt 0:10:47]} Nb5 {[%emt 0:00:24]} 14. a4 {[%emt 0:00:58]} Nc7 {[%emt 0:01:37]} 15. Bxe5 {[%emt 0:01:54]} dxe5 {[%emt 0:00:36]} 16. d6 {[%emt 0:00:08]} Ne6 {[%emt 0:01:09]} 17. dxe7 {[%emt 0:00:40]} Qxe7 {[%emt 0:00:27]} 18. Qd5 {[%emt 0:08:27]} e4 {[%emt 0:04:02]} 19. f3 {[%emt 0:05:32]} exf3 {[%emt 0:14:01]} 20. Rxf3 {[%emt 0:04:06]} Rd8 {[%emt 0:07:47]} 1/2-1/2